Music Quiz

Random Music or Bands Quiz

Before and After: Musicians II Quiz Stats

 Plays Quiz Updated Jan 15, 2020

     
Support Sporcle.
Go Orange.
Score 0/18 Timer 08:00
1 Play Today
Before Hint Combination % Correct
99 Problems, Big Pimpin'Jay-ZZ Top
69.3%
Straight Outta Compton, Gangsta GangstaNWAC/DC
50.5%
Orange Crush, Everybody HurtsREMGMT
46.4%
Brick, Battle of Who Could Care LessThe Ben Folds Five For Fighting
37.1%
Help Me Rhonda, KokomoBeach Boys Like Girls
35%
Closing TimeSemiSonic Youth
33.7%
Stacey's Mom, Radiation VibeFountains of Wayne Newton
32.2%
Joy to the World, Mama Told Me (Not To Come)Three Dog Night Ranger
29.9%
Staring at the Sun, Wolf Like MeTV on the Radiohead
23.2%
Before Hint Combination % Correct
Cinnamon Girl, Heart of GoldNeil Young Jeezy
21.2%
Drunken Lullabies, Seven Deadly SinsFlogging Molly Hatchet
21%
Should've Been a Cowboy, Beer for my HorsesToby Keith Urban
16.2%
Can't Find My Way Home, Presence of the LordBlind Faith No More
13.7%
Naked EyeLuscious Jackson 5
13.3%
One Armed ScissorAt the Drive Incubus
9.1%
Wild Night, Jack & DianeJohn Cougar MellenCamper Van Beethoven
6.2%
I Only Want You, Cherry ColaEagles of Death Metallica
5.4%
Silhouette, SongbirdKenny G-Unit
3.3%

From the Vault

Shows That Left Us Hanging

by El_Dandy

Alternate title: 'TV Finales People Complained About'
Remove Ads.
Support Sporcle.
Get the best of Sporcle when you Go Orange. This ad-free experience offers more features, more stats, and more fun while also helping to support Sporcle. Thank you for becoming a member.

Show Comments

Extras

Top Quizzes Today


Score Distribution

Your Account Isn't Verified!

In order to create a playlist on Sporcle, you need to verify the email address you used during registration. Go to your Sporcle Settings to finish the process.

Report this User

Report this user for behavior that violates our Community Guidelines.

Details: